00610nam a22001937a 4500003000900000008004100009040007100050082002100121245003100142260004900173300002600222440002700248505002700275650002600302650001700328700003000345700001900375700002200394AR-CdUCM190306b ||||| |||| 00| 0 spa d aMUNICIPALIDAD PROVINCIAL DEL CUSCOcBIBLIOTECA MUNICIPAL DEL CUSCO 23ed.a800 /bC68 aTragedias :bShakespeare / aBuenos Aires :bW. M. Jackson, INC. ;c1956. a452 páginas ;c21cm aClásicos Jackson n2 aContenido: Literatura  aLiteratura universal  aShakespeare  aPagés Larraya, Antonio  aReyes, Alfonso aRomero, Francisco